| 000 | 00396pab a2200157 454500 | ||
|---|---|---|---|
| 008 | 180718b2005 xxu||||| |||| 00| 0 eng d | ||
| 100 | _aMessner, Steven F. | ||
| 245 | _aThe legacy of lynching and southern homicide | ||
| 260 | _c2005 | ||
| 300 | _ap.633-55. | ||
| 362 | _aAug | ||
| 650 | _aHomicide | ||
| 700 | _aBaller, Robert D. | ||
| 773 | _aAmerican Sociological Review | ||
| 909 | _a67077 | ||
| 999 |
_c67077 _d67077 |
||